Carta de las naciones unidas y estatuto de la Corte Internacional de Justicia (Registro nro. 5743)

Detalles MARC
000 -CABECERA
campo de control de longitud fija 00598nam a2200241Ia 4500
001 - NÚMERO DE CONTROL
campo de control 5743
003 - IDENTIFICADOR DEL NÚMERO DE CONTROL
campo de control 11500
005 - FECHA Y HORA DE LA ÚLTIMA TRANSACCIÓN
campo de control 20241019062931.0
008 - DATOS DE LONGITUD FIJA--INFORMACIÓN GENERAL
campo de control de longitud fija ||||||n9999 ||| || ||
041 ## - CÓDIGO DE LENGUA
Código de lengua del texto/banda sonora o título independiente spa
082 ## - NÚMERO DE LA CLASIFICACIÓN DECIMAL DEWEY
Número de edición 20
Número de clasificación 341
110 2# - ENTRADA PRINCIPAL--NOMBRE DE ENTIDAD CORPORATIVA
Nombre de entidad corporativa o nombre de jurisdicción como elemento de entrada Organización de las Naciones Unidas
9 (RLIN) 548
245 #0 - MENCIÓN DE TÍTULO
Título Carta de las naciones unidas y estatuto de la Corte Internacional de Justicia
260 ## - PUBLICACIÓN, DISTRIBUCIÓN, ETC.
Lugar de publicación, distribución, etc. Estados Unidos :
Nombre del editor, distribuidor, etc. NAUNI,
Fecha de publicación, distribución, etc. 1965.
300 ## - DESCRIPCIÓN FÍSICA
Extensión 98p
562 ## - NOTA DE IDENTIFICACIÓN DE LA COPIA Y VERSIÓN
Número de copias 5
526 ## - NOTA DE INFORMACIÓN SOBRE EL PROGRAMA DE ESTUDIO
Nombre del programa 105630 - MAESTRÍA EN DERECHOS HUMANOS, GESTIÓN DE LA TRANSICIÓN Y POSCONFLICTO - A distancia
526 ## - NOTA DE INFORMACIÓN SOBRE EL PROGRAMA DE ESTUDIO
Nombre del programa 1698 - ESPECIALIZACIÓN EN DERECHOS HUMANOS - A distancia
526 ## - NOTA DE INFORMACIÓN SOBRE EL PROGRAMA DE ESTUDIO
Nombre del programa 51868 - ADMINISTRACIÓN PÚBLICA - Presencial
526 ## - NOTA DE INFORMACIÓN SOBRE EL PROGRAMA DE ESTUDIO
Nombre del programa 1697 - ADMINISTRACIÓN PÚBLICA TERRITORIAL - A distancia
650 ## - PUNTO DE ACCESO ADICIONAL DE MATERIA--TÉRMINO DE MATERIA
Término de materia o nombre geográfico como elemento de entrada NACIONES UNIDAS
9 (RLIN) 10002
942 ## - ELEMENTOS DE PUNTO DE ACCESO ADICIONAL (KOHA)
Tipo de ítem Koha Libro
Existencias
Estado de retiro Estado de pérdida Estado dañado No para préstamo Código de colección Localización permanente Ubicación/localización actual Coste, precio normal de compra Total de préstamos Signatura topográfica completa Código de barras Fecha visto por última vez Número de copia Tipo de ítem Koha
        General Bogotá - Sede Central Bogotá - Sede Central 40.00   341.232 N12c e2 25046 22/02/2026 1 Libro
        General Bogotá - Sede Central Bogotá - Sede Central 40.00   341.232 N12c e1 25045 22/02/2026 2 Libro
        General Bogotá - Sede Central Bogotá - Sede Central 40.00   341.232 N12c e3 25047 22/02/2026 3 Libro
        General Bogotá - Sede Central Bogotá - Sede Central 40.00   341.232 N12c e4 25048 22/02/2026 4 Libro
        General Bogotá - Sede Central Bogotá - Sede Central 40.00   341.232 N12c e5 25049 22/02/2026 5 Libro